000 00478nam a2200181Ia 4500
005 20250326143946.0
008 250326s9999 xx 000 0 und d
037 _aTextbook
040 _aFMSL
_beng
_cFMSL
041 _aeng
_2eng
084 _aT(X) L2
_qFMSL
100 _aBlaug M
245 0 _aIntroducation to the economics of education
_cBlaug M
260 _aUSA
_bUSA, Penguin
_c1972
300 _a363p
942 _cTB
_hT(X) L2
999 _c1301779
_d1301779